| 000 | 01035nam a2200277 i 4500 | ||
|---|---|---|---|
| 001 | 172060 | ||
| 003 | ES-MaACL | ||
| 005 | 20250808062824.0 | ||
| 007 | t| | ||
| 008 | 090612s1990 sp |||| | spa d | ||
| 020 | _a84-220-1363-0 | ||
| 100 | 0 |
_aBernardo, _cSanto, _d1090?-1153 _928290 |
|
| 245 | 1 | 0 |
_aObras completas de San Bernardo. _nVII, _pCartas / _cedición preparada por los Monjes Cistercienses de España ; introducción por Iñaki Aranguren ; traducción por Iñaki Aranguren y Mariano Ballano. |
| 250 | _aEd. bilingüe. | ||
| 260 |
_aMadrid : _bBiblioteca de Autores Cristianos, _c1990. |
||
| 300 |
_aXXIV, 1319 p. ; _c20 cm. |
||
| 490 | 1 |
_aBiblioteca de autores cristianos ; _v505 |
|
| 546 | _aTexto latino y traducción en español. | ||
| 650 | 0 | 7 |
_aReligión _2embne _916797 |
| 700 | 1 |
_aBallano, Mariano. _924966 |
|
| 700 | 1 |
_aAranguren, Iñaki. _922313 |
|
| 710 | 2 |
_aCistercienses. _9151139 |
|
| 830 | 0 | 0 |
_aBiblioteca de autores cristianos _v505 _9178679 |
| 852 |
_aES-MaACL _jJ-492 |
||
| 999 |
_c172060 _d172060 |
||